[Event "Titled Tue 10th Jun Late"]
[Site "chess.com INT"]
[Date "2025.06.10"]
[Round "3"]
[White "Brancaleoni, Maurizio"]
[Black "Ferraz, Michel Liah"]
[Result "1-0"]
[WhiteTitle "FM"]
[WhiteElo "2185"]
[BlackElo "2007"]
[WhiteFideId "803022"]
[BlackFideId "22743219"]
[EventDate "2025.06.10"]

1. Nf3 Nh6 2. d4 g6 3. e4 Bg7 4. c4 O-O 5. Nc3 d6 6. h3 c5 7. Be3 f5 8. dxc5
fxe4 9. Qd5+ Kh8 10. Ng5 Nf5 11. Nf7+ Rxf7 12. Qxf7 Nxe3 13. fxe3 dxc5 14. Rd1
Bd7 15. Be2 Nc6 16. O-O Qc8 17. Nxe4 Bf5 18. Ng5 h6 19. Nf3 Bf6 20. Bd3 Ne5 21.
Nxe5 Bxe5 22. Bxf5 gxf5 23. Rxf5 Bf6 24. Rxf6 exf6 25. Qxf6+ Kh7 26. Rd6 Qf8 27.
Rd7+ Kg8 28. Qg6+ Kh8 29. Qh7# 1-0

[Event "Titled Tue 10th Jun Late"]
[Site "chess.com INT"]
[Date "2025.06.10"]
[Round "3"]
[White "Atanasov, Anthony"]
[Black "Ermachenko, Manuel"]
[Result "1-0"]
[WhiteTitle "IM"]
[BlackTitle "CM"]
[WhiteElo "2417"]
[BlackElo "2277"]
[WhiteFideId "2623897"]
[BlackFideId "24560952"]
[EventDate "2025.06.10"]

1. d4 d5 2. Bf4 e6 3. e3 c5 4. Nf3 Nc6 5. Nbd2 Bd6 6. dxc5 Bxf4 7. exf4 Qf6 8.
Bd3 Qxf4 9. Qe2 Nf6 10. O-O-O Bd7 11. Rhe1 O-O-O 12. c3 Rhe8 13. g3 Qa4 14. Nb3
Qxa2 15. Kc2 Na5 16. Nxa5 Qxa5 17. Ne5 Qxc5 18. Nxf7 e5 19. Nxd8 e4 20. Bc4 dxc4
21. Nf7 Ba4+ 22. Kb1 Bxd1 23. Rxd1 Re6 24. Qd2 Qc7 25. Nd6+ Kb8 26. Nb5 Qc8 27.
Qf4+ Ka8 28. Nc7+ 1-0

[Event "Titled Tue 10th Jun Late"]
[Site "chess.com INT"]
[Date "2025.06.10"]
[Round "3"]
[White "Urbina Perez, Juan Antonio"]
[Black "Gelman, Alexander"]
[Result "0-1"]
[WhiteTitle "FM"]
[BlackTitle "IM"]
[WhiteElo "2221"]
[BlackElo "2403"]
[WhiteFideId "2217368"]
[BlackFideId "4118316"]
[EventDate "2025.06.10"]

1. e4 e5 2. Nf3 d6 3. d4 exd4 4. Nxd4 Nf6 5. Nc3 Be7 6. Bf4 O-O 7. Qd2 Nc6 8.
O-O-O Nxd4 9. Qxd4 Be6 10. f3 a6 11. g4 b5 12. Kb1 c5 13. Qd2 b4 14. Nd5 Nxd5
15. exd5 Bd7 16. h4 Re8 17. h5 h6 18. Bd3 Bb5 19. Rdg1 c4 20. Be4 c3 21. Qc1
cxb2 22. Qd2 Qa5 23. Bd3 Bxd3 24. Qxd3 Rac8 25. g5 hxg5 26. Bxg5 Rc3 27. Qd4 Qc5
28. Qxc5 Rxc5 29. Kxb2 Rxd5 30. Bxe7 Rxe7 31. Rg4 a5 32. Rhg1 f6 33. h6 g5 34.
f4 Re4 35. fxg5 Rxg4 36. Rxg4 fxg5 37. a3 bxa3+ 38. Kxa3 Kh7 39. c4 Rc5 40. Rd4
Kxh6 41. Rxd6+ Kh5 42. Kb3 g4 43. Kc3 g3 44. Rd1 Kg4 45. Kd4 Rf5 46. c5 g2 47.
Rg1 Kg3 48. c6 a4 49. c7 Rf8 50. Kc4 Rc8 51. Kb4 Rxc7 52. Kxa4 Kf2 0-1

[Event "Titled Tue 10th Jun Late"]
[Site "chess.com INT"]
[Date "2025.06.10"]
[Round "3"]
[White "Watanabe, Akira"]
[Black "Kjaergaard-Jensen, Jesper"]
[Result "1/2-1/2"]
[WhiteTitle "FM"]
[BlackTitle "CM"]
[WhiteElo "2284"]
[BlackElo "2081"]
[WhiteFideId "7000227"]
[BlackFideId "1406990"]
[EventDate "2025.06.10"]

1. d4 Nf6 2. c4 d6 3. g3 e5 4. d5 Be7 5. Bg2 c6 6. Nc3 Qc7 7. e3 Na6 8. Nge2 Bg4
9. h3 Bh5 10. O-O O-O 11. g4 Bg6 12. Ng3 cxd5 13. cxd5 Nb4 14. e4 h6 15. a3 Na6
16. Be3 Rfc8 17. f4 exf4 18. Rxf4 Nd7 19. Nf5 Bg5 20. Rf3 Bxe3+ 21. Rxe3 Bxf5
22. exf5 Qb6 23. Qd2 Nac5 24. Rae1 Ne5 25. b4 Ncd7 26. Qf2 Rc4 27. Ne4 Rac8 28.
R1e2 Rc1+ 29. Kh2 R8c4 30. f6 Rxe4 31. Bxe4 Nxf6 32. Qg2 Qd4 33. g5 hxg5 34.
Qxg5 Nxe4 35. Qd8+ Kh7 36. Qh4+ Kg8 37. Qd8+ Kh7 38. Qh4+ Kg8 39. Qd8+ 1/2-1/2

[Event "Titled Tue 10th Jun Late"]
[Site "chess.com INT"]
[Date "2025.06.10"]
[Round "3"]
[White "Henriquez Villagra, Cristobal"]
[Black "Craciun, Sasha-Matei"]
[Result "1-0"]
[WhiteTitle "GM"]
[BlackTitle "FM"]
[WhiteElo "2597"]
[BlackElo "2320"]
[WhiteFideId "3409350"]
[BlackFideId "1281186"]
[EventDate "2025.06.10"]

1. e4 e5 2. Nf3 Nc6 3. g3 Nf6 4. d3 Bc5 5. Bg2 d6 6. Nc3 a5 7. h3 h6 8. Be3 Bxe3
9. fxe3 Ne7 10. Nh4 Be6 11. g4 c6 12. Qd2 a4 13. O-O-O b5 14. d4 Qb6 15. Nf5
Bxf5 16. exf5 b4 17. Ne4 Nxe4 18. Bxe4 d5 19. dxe5 dxe4 20. Qd7+ Kf8 21. Rd6 a3
22. Rhd1 axb2+ 23. Kb1 Kg8 24. Qxe7 Qa5 25. Rd8+ Kh7 26. Rxh8+ Kxh8 27. Qxf7
Qxe5 28. h4 c5 29. g5 Qe8 30. Qd5 h5 31. f6 gxf6 32. gxf6 Ra7 33. Qxc5 Qf7 34.
Rd8+ Kh7 35. Qf5+ Kh6 36. Rh8+ 1-0

[Event "Titled Tue 10th Jun Late"]
[Site "chess.com INT"]
[Date "2025.06.10"]
[Round "3"]
[White "Bach, Matthias"]
[Black "Demchenko, Svitlana"]
[Result "1-0"]
[WhiteTitle "FM"]
[BlackTitle "WIM"]
[WhiteElo "2206"]
[BlackElo "2135"]
[WhiteFideId "4603168"]
[BlackFideId "14149893"]
[EventDate "2025.06.10"]

1. d4 Nf6 2. c4 g6 3. Nc3 Bg7 4. e4 d6 5. f4 O-O 6. Nf3 c5 7. d5 e6 8. Be2 exd5
9. cxd5 Re8 10. e5 dxe5 11. fxe5 Ng4 12. e6 fxe6 13. Bg5 Qa5 14. O-O h6 15. h3
Nf6 16. Bxf6 Bxf6 17. Ne4 Bg7 18. Nd6 Rd8 19. Nxc8 Rxc8 20. dxe6 Nc6 21. Bc4 Qb4
22. b3 Qc3 23. Rc1 Qe3+ 24. Kh1 Re8 25. Qd7 Re7 26. Qd1 Rd8 27. Qc2 g5 28. Qg6
a6 29. Rcd1 Rxd1 30. Rxd1 b5 31. Bd5 Nb4 32. Be4 Qc3 33. Rd8+ 1-0

[Event "Titled Tue 10th Jun Late"]
[Site "chess.com INT"]
[Date "2025.06.10"]
[Round "3"]
[White "Sanchez Negreiros, Jose Alberto"]
[Black "Adamson, Robby"]
[Result "0-1"]
[WhiteTitle "FM"]
[BlackTitle "FM"]
[WhiteElo "2224"]
[BlackElo "2226"]
[WhiteFideId "3851516"]
[BlackFideId "2009730"]
[EventDate "2025.06.10"]

1. d4 Nf6 2. c4 e6 3. Nc3 Bb4 4. e3 b6 5. Bd3 Bb7 6. Ne2 Bxg2 7. Rg1 Be4 8. a3
Bxc3+ 9. Nxc3 Bg6 10. e4 d5 11. cxd5 exd5 12. e5 Ne4 13. Bxe4 dxe4 14. d5 O-O
15. Bf4 Nd7 16. b4 a5 17. Rc1 axb4 18. axb4 Qe7 19. Qd4 Rfe8 20. d6 cxd6 21.
exd6 Qh4 22. Nd5 Kh8 23. Rc7 Red8 24. Bg5 Qxh2 25. Rg3 Qh1+ 26. Kd2 Ra1 27. Bxd8
Rd1+ 28. Kc3 Qe1+ 29. Kc4 b5+ 30. Kxb5 Rxd4 31. Rxd7 Rxd5+ 32. Kc6 Re5 33. Bg5
Re8 34. b5 Qxf2 0-1

[Event "Titled Tue 10th Jun Late"]
[Site "chess.com INT"]
[Date "2025.06.10"]
[Round "3"]
[White "Perry, Patrick"]
[Black "Kislinsky, Alexey"]
[Result "1/2-1/2"]
[BlackTitle "GM"]
[WhiteElo "2296"]
[BlackElo "2341"]
[WhiteFideId "30917727"]
[BlackFideId "14108801"]
[EventDate "2025.06.10"]

1. e4 c6 2. Nc3 d5 3. Qf3 d4 4. Bc4 e6 5. Nce2 b5 6. Bb3 Na6 7. a3 Nc5 8. Nh3 d3
9. Nef4 dxc2 10. Bxc2 e5 11. Nd3 Nxd3+ 12. Bxd3 Nf6 13. O-O Be7 14. Bc2 O-O 15.
d3 Kh8 16. Qg3 Qd6 17. f4 Qc5+ 18. Qf2 Bxh3 19. gxh3 Qxf2+ 20. Kxf2 Bc5+ 21. Kf3
exf4 22. Bxf4 Bd4 23. Rab1 Rad8 24. Ke2 Rfe8 25. Bg5 h6 26. Bh4 Rd6 27. Rf5 Kg8
28. b3 Nd7 29. Rbf1 Ne5 30. Bg3 f6 31. b4 Kf8 32. Bb3 Ke7 33. Bxe5 Bxe5 34.
Rxe5+ fxe5 35. Rf7+ Kd8 36. Rxa7 Re7 37. Ra8+ Kd7 38. Rg8 Rg6 39. Kf3 Rf6+ 40.
Ke3 Rf1 41. Ra8 Rh1 42. d4 Rxh2 43. Bd1 Rxh3+ 44. Kd2 Rh2+ 45. Kd3 exd4 46. Bg4+
Kd6 47. Kxd4 Rd2+ 48. Ke3 Rb2 49. Kd4 Kc7 50. Ra7+ Kd8 51. Ra8+ Kc7 52. Ra7+ Kd8
53. Ra8+ Kc7 1/2-1/2

[Event "Titled Tue 10th Jun Late"]
[Site "chess.com INT"]
[Date "2025.06.10"]
[Round "3"]
[White "Nakonechnyi, Oleksii"]
[Black "Zhukovskyi, Oleksandr"]
[Result "0-1"]
[WhiteTitle "CM"]
[BlackTitle "CM"]
[WhiteElo "2222"]
[BlackElo "2145"]
[WhiteFideId "34173714"]
[BlackFideId "14169371"]
[EventDate "2025.06.10"]

1. e4 Nf6 2. e5 Nd5 3. f3 d6 4. c4 Nb6 5. exd6 exd6 6. d4 Be7 7. Bd3 O-O 8. Ne2
Bh4+ 9. g3 Bf6 10. O-O Bh3 11. Re1 Nc6 12. Be3 Re8 13. Qd2 d5 14. c5 Nc4 15.
Bxc4 dxc4 16. Nbc3 Nb4 17. Nf4 Bf5 18. Ne4 Bxe4 19. fxe4 a5 20. a3 Nc6 21. e5
Bg5 22. Rad1 Ne7 23. d5 Nf5 24. Bf2 g6 25. Re4 Qe7 26. d6 cxd6 27. cxd6 Nxd6 28.
Qxd6 Rad8 29. Nd5 Qxd6 30. exd6 Rxe4 31. Nb6 Be3 32. Bxe3 Rxe3 33. Nxc4 Rb3 34.
Rd5 a4 35. Kf2 f5 36. Ke2 Kf7 37. Kd2 b5 38. Na5 Rxb2+ 39. Kc3 Ra2 40. Nc6 Rxa3+
41. Kb4 Rb3+ 42. Kc5 Rc8 43. d7 Rc3+ 44. Kxb5 R3xc6 45. dxc8=Q Rxc8 46. Kxa4 Ke6
47. Rd2 Ke5 48. Re2+ Kf6 49. Kb3 Kg5 50. Re7 h5 51. Re2 Kg4 52. Rd2 g5 53. Rf2
f4 54. gxf4 gxf4 55. h3+ Kg3 56. Rf1 f3 0-1

[Event "Titled Tue 10th Jun Late"]
[Site "chess.com INT"]
[Date "2025.06.10"]
[Round "3"]
[White "Grutter, Tim"]
[Black "Cuellar Montes, Alejandro"]
[Result "1-0"]
[WhiteTitle "IM"]
[BlackTitle "CM"]
[WhiteElo "2404"]
[BlackElo "2173"]
[WhiteFideId "1057472"]
[BlackFideId "32096836"]
[EventDate "2025.06.10"]

1. d4 Nf6 2. Nc3 d5 3. Bf4 g6 4. Qd2 h5 5. Nf3 Bg7 6. Ne5 c6 7. e3 Bf5 8. f3
Nbd7 9. Bd3 Bxd3 10. Qxd3 Nxe5 11. Bxe5 h4 12. Ne2 Nh5 13. Bxg7 Nxg7 14. O-O-O
Qa5 15. Kb1 O-O-O 16. c4 Kb8 17. Qb3 Nf5 18. cxd5 cxd5 19. e4 Nd6 20. Nc3 dxe4
21. fxe4 e6 22. Rhf1 Rd7 23. g4 hxg3 24. hxg3 Rh2 25. Rh1 Qh5 26. g4 Qh4 27.
Rxh2 Qxh2 28. e5 Nc8 29. Ne4 Nb6 30. Nc5 Rd5 31. a4 a5 32. Qxb6 Rxd4 33. Qxb7# 1-0

[Event "Titled Tue 10th Jun Late"]
[Site "chess.com INT"]
[Date "2025.06.10"]
[Round "3"]
[White "Hungaski, Robert"]
[Black "Radchenko, Alexey"]
[Result "0-1"]
[WhiteTitle "GM"]
[BlackTitle "FM"]
[WhiteElo "2477"]
[BlackElo "2290"]
[WhiteFideId "2021030"]
[BlackFideId "4192362"]
[EventDate "2025.06.10"]

1. h3 d5 2. e3 c6 3. Nf3 Nd7 4. c4 e5 5. cxd5 cxd5 6. Nc3 Ngf6 7. b3 e4 8. Nd4
Bc5 9. Na4 Bxd4 10. exd4 O-O 11. Ba3 Re8 12. Rc1 b6 13. Bd6 Nf8 14. Bh2 Bd7 15.
Ba6 Ne6 16. Be5 Bc8 17. Bb5 Bd7 18. Ba6 Bc8 19. Qe2 Bxa6 20. Qxa6 Nd7 21. O-O
Nxe5 22. dxe5 Qg5 23. Nc3 Qxe5 24. Qb7 Red8 25. f3 Qg5 26. fxe4 Nf4 27. Rxf4
Qxf4 28. Rf1 Qxd2 29. Qxf7+ Kh8 30. Nxd5 Qd4+ 31. Kh1 Qxe4 32. Nf6 Qe2 33. Nxh7
Rd1 34. Rxd1 Qxd1+ 35. Kh2 Kxh7 36. Qf5+ Kh8 37. Qe4 Qd6+ 38. Kh1 Rf8 39. Qh4+
Qh6 40. Qc4 Qf4 41. Qc2 Rd8 0-1

[Event "Titled Tue 10th Jun Late"]
[Site "chess.com INT"]
[Date "2025.06.10"]
[Round "3"]
[White "Moskalenko, Alexander"]
[Black "Elier, Ali"]
[Result "1-0"]
[WhiteTitle "GM"]
[BlackTitle "CM"]
[WhiteElo "2422"]
[BlackElo "2142"]
[WhiteFideId "4155351"]
[BlackFideId "16217543"]
[EventDate "2025.06.10"]

1. d4 Nf6 2. Bg5 d5 3. Nd2 e6 4. e3 Be7 5. Bd3 h6 6. Bxf6 Bxf6 7. f4 c5 8. c3
Bd7 9. Ngf3 Nc6 10. O-O O-O 11. Ne5 Be8 12. Qh5 Be7 13. Qh3 cxd4 14. exd4 Bd6
15. Ndf3 Qe7 16. Rae1 f5 17. Re2 Nd8 18. Rfe1 Qf6 19. g3 g5 20. Nd2 g4 21. Qg2
Kg7 22. c4 dxc4 23. Ndxc4 Bb4 24. Rd1 Rc8 25. a3 Be7 26. d5 Bc5+ 27. Kf1 b5 28.
Ne3 Bxe3 29. Rxe3 exd5 30. Qxd5 Nf7 31. Qb7 Qb6 32. Qxb6 axb6 33. Bxf5 Rc7 34.
Bxg4 Nxe5 35. Rxe5 Bf7 36. Kf2 Rc2+ 37. Re2 Rfc8 38. Bxc8 1-0

[Event "Titled Tue 10th Jun Late"]
[Site "chess.com INT"]
[Date "2025.06.10"]
[Round "3"]
[White "Gimeno Martos, Roberto"]
[Black "Grave, Jacob Templen"]
[Result "1-0"]
[WhiteTitle "CM"]
[BlackTitle "FM"]
[WhiteElo "2090"]
[BlackElo "2350"]
[WhiteFideId "2226804"]
[BlackFideId "1542656"]
[EventDate "2025.06.10"]

1. d4 Nf6 2. g3 g6 3. Bg2 Bg7 4. Nf3 d5 5. O-O O-O 6. Ne5 Nbd7 7. Nxd7 Bxd7 8.
c3 Re8 9. Nd2 Rc8 10. Nf3 Ne4 11. Nd2 Nxd2 12. Bxd2 Bf5 13. Bf4 f6 14. h4 c6 15.
Qd2 e5 16. dxe5 fxe5 17. Bg5 Qb6 18. a4 a5 19. Rac1 Qb3 20. Ra1 Kh8 21. Ra3 Qb6
22. b4 d4 23. cxd4 axb4 24. Rb3 exd4 25. Rxb4 Qa6 26. Bf3 Be4 27. Bg4 Rc7 28.
Qf4 Be5 29. Qxe4 Qa5 30. Rfb1 Rf8 31. Bf3 Rcf7 32. Rxb7 Qxa4 33. Qxe5+ 1-0

[Event "Titled Tue 10th Jun Late"]
[Site "chess.com INT"]
[Date "2025.06.10"]
[Round "3"]
[White "Garcia, Angie"]
[Black "Mai, Alexander Oliver"]
[Result "0-1"]
[WhiteTitle "WIM"]
[BlackTitle "CM"]
[WhiteElo "1996"]
[BlackElo "2171"]
[WhiteFideId "6702503"]
[BlackFideId "2313391"]
[EventDate "2025.06.10"]

1. e4 c5 2. Nf3 d6 3. Bb5+ Bd7 4. Bxd7+ Qxd7 5. d4 cxd4 6. Qxd4 Nc6 7. Qd3 Nf6
8. O-O g6 9. c3 Bg7 10. Bg5 O-O 11. Nbd2 Rac8 12. Rad1 Qc7 13. Rfe1 Rfe8 14. h3
Nd7 15. Qe3 b5 16. Bh6 Bh8 17. Ng5 Nb6 18. Qf4 e6 19. Qh4 Bf6 20. Ndf3 Qe7 21.
Bf8 Kxf8 22. Qxh7 Red8 23. Rd3 Ke8 24. e5 Bxg5 25. Nxg5 Qxg5 26. exd6 Ne5 27.
Rg3 Qf6 28. Rge3 Nbc4 29. Re4 g5 30. g3 Kd7 31. Kg2 Rh8 0-1

[Event "Titled Tue 10th Jun Late"]
[Site "chess.com INT"]
[Date "2025.06.10"]
[Round "3"]
[White "Zepeda Berlanga, Jan Enrique"]
[Black "Naranjo Moreno, Antonio"]
[Result "1-0"]
[WhiteTitle "CM"]
[BlackTitle "FM"]
[WhiteElo "1984"]
[BlackElo "2289"]
[WhiteFideId "5132355"]
[BlackFideId "2278626"]
[EventDate "2025.06.10"]

1. e4 e5 2. Nf3 Nc6 3. Bc4 Nf6 4. d3 h6 5. O-O g6 6. Re1 Bg7 7. d4 Qe7 8. Nc3
Nxd4 9. Nxd4 exd4 10. e5 Nh7 11. Nd5 Qd8 12. Nf6+ Kf8 13. Nxh7+ Rxh7 14. Qxd4 d6
15. Bf4 Bf5 16. Bb3 g5 17. Bg3 h5 18. h3 dxe5 19. Qb4+ Qd6 20. Qxb7 Rd8 21. Rad1
Qxd1 22. Rxd1 Rxd1+ 23. Kh2 h4 24. Qf3 hxg3+ 25. fxg3 Bg6 26. Qxd1 1-0

[Event "Titled Tue 10th Jun Late"]
[Site "chess.com INT"]
[Date "2025.06.10"]
[Round "3"]
[White "Fomevor, Cephas Clinton"]
[Black "Garcia Cuenca, Victor"]
[Result "0-1"]
[WhiteTitle "CM"]
[BlackTitle "FM"]
[WhiteElo "1883"]
[BlackElo "2284"]
[WhiteFideId "12601330"]
[BlackFideId "2250829"]
[EventDate "2025.06.10"]

1. d4 g6 2. c4 Bg7 3. Nc3 c5 4. Nf3 cxd4 5. Nxd4 Nc6 6. e3 Nf6 7. Be2 O-O 8. O-O
d6 9. Nxc6 bxc6 10. Bf3 Bb7 11. Rb1 d5 12. cxd5 cxd5 13. b3 e5 14. Ba3 Re8 15.
Nb5 Qa5 16. Nd6 Qxa3 17. Nxb7 e4 18. Be2 Qb4 19. Ba6 Qb6 20. Qe2 Re6 21. Nc5
Qxc5 22. a4 h5 23. b4 Qd6 24. b5 Ng4 25. g3 Ne5 26. Rfc1 Nf3+ 27. Kg2 d4 28.
exd4 Nxd4 29. Qe3 Nf5 30. Qc5 Qd2 31. Rd1 Qe2 32. Qa3 e3 33. Rf1 Nd4 34. Bb7 Rb8
35. Bd5 Re5 36. Qc5 Rd8 37. Bc4 Qf3+ 0-1

[Event "Titled Tue 10th Jun Late"]
[Site "chess.com INT"]
[Date "2025.06.10"]
[Round "3"]
[White "Ebrahimi Herab, Hamidreza"]
[Black "Kornienko, Konstantin"]
[Result "1-0"]
[WhiteTitle "FM"]
[BlackTitle "CM"]
[WhiteElo "2404"]
[BlackElo "2141"]
[WhiteFideId "22512888"]
[BlackFideId "34400419"]
[EventDate "2025.06.10"]

1. d4 Nf6 2. c4 c5 3. d5 b5 4. cxb5 d6 5. Nc3 g6 6. Nf3 Bg7 7. e4 O-O 8. Be2 a6
9. O-O axb5 10. Bxb5 Na6 11. Re1 Rb8 12. h3 Nc7 13. Bf1 e6 14. a4 exd5 15. exd5
Rb4 16. Ra2 Bb7 17. Bg5 h6 18. Bxf6 Bxf6 19. Qd2 Bg7 20. Nh2 h5 21. Nf3 Qa8 22.
Rd1 Rb8 23. a5 Ba6 24. Bxa6 Qxa6 25. Ng5 Qc4 26. Nge4 Be5 27. f4 Bd4+ 28. Kh2
Ne8 29. a6 Ra8 30. Rda1 Bxc3 31. bxc3 Rb6 32. Qe3 Qxd5 33. Ng5 Ng7 34. a7 Nf5
35. Qe4 Qxe4 36. Nxe4 Rc6 37. Nf6+ Kf8 38. Ra6 Ne7 39. Nd7+ Ke8 40. Nb6 Rxa7 41.
Rxa7 Rc7 42. Ra8+ 1-0

[Event "Titled Tue 10th Jun Late"]
[Site "chess.com INT"]
[Date "2025.06.10"]
[Round "3"]
[White "Salinas Herrera, Pablo"]
[Black "Demchenko, Yaroslav"]
[Result "1-0"]
[WhiteTitle "GM"]
[BlackTitle "CM"]
[WhiteElo "2447"]
[BlackElo "2263"]
[WhiteFideId "3407128"]
[BlackFideId "14186667"]
[EventDate "2025.06.10"]

1. d4 e6 2. Nf3 d5 3. Bf4 Bd6 4. e3 Nf6 5. Nbd2 O-O 6. Bd3 c5 7. c3 Qc7 8. Bxd6
Qxd6 9. Ne5 b6 10. f4 Ba6 11. Bc2 Nbd7 12. g4 Bb7 13. Qf3 Qe7 14. g5 Nxe5 15.
fxe5 Ne4 16. Nxe4 dxe4 17. Bxe4 Bxe4 18. Qxe4 Qxg5 19. h4 Qg6 20. Qxg6 hxg6 21.
Ke2 cxd4 22. exd4 b5 23. Kd3 a5 24. Rhg1 Ra7 25. Rg4 b4 26. c4 Rd8 27. Rf1 Rad7
28. c5 Kh7 29. Kc4 Kg8 30. Rff4 Kf8 31. Rxg6 Kg8 32. Rgg4 Kh7 33. Kb5 Rb8+ 34.
Kc4 g6 35. Rg5 Kh6 36. Rg3 Rd5 37. Rxf7 b3 38. a3 a4 39. Rf6 Rbd8 40. Rfxg6+ Kh7
41. R6g4 Kh6 42. Rf4 Kh7 43. Rg5 Kh6 44. Rfg4 Kh7 45. Rh5# 1-0

[Event "Titled Tue 10th Jun Late"]
[Site "chess.com INT"]
[Date "2025.06.10"]
[Round "3"]
[White "Bazan Romero, Octavio Aaron"]
[Black "Aranda, Juan Manuel"]
[Result "1-0"]
[WhiteTitle "FM"]
[BlackTitle "CM"]
[WhiteElo "2289"]
[BlackElo "2134"]
[WhiteFideId "20003943"]
[BlackFideId "160458"]
[EventDate "2025.06.10"]

1. d4 d6 2. Nc3 g6 3. e4 a6 4. h4 h5 5. a4 a5 6. Nf3 Na6 7. Ng5 Bg7 8. Bc4 e6 9.
O-O Nh6 10. Qe2 O-O 11. e5 Nb4 12. Bf4 Nf5 13. Rad1 Nxh4 14. exd6 cxd6 15. d5 e5
16. Bc1 Nf5 17. Nf3 Re8 18. Ne4 Nh6 19. Bg5 Qc7 20. Bb5 Bg4 21. Bxe8 Rxe8 22.
Bxh6 Bxh6 23. Nf6+ Kf8 24. Nxe8 Kxe8 25. Qb5+ Kf8 26. c3 Na6 27. Qd3 Nc5 28. Qc2
Qb6 29. Rb1 Bf5 30. Qe2 Bd3 31. Qd1 Ke7 32. b4 axb4 33. cxb4 Bxf1 34. bxc5 Qxc5
35. Qxf1 b6 36. Qb5 Qc2 37. Qxb6 h4 38. Nxh4 Kf8 39. a5 Kg7 40. a6 1-0

[Event "Titled Tue 10th Jun Late"]
[Site "chess.com INT"]
[Date "2025.06.10"]
[Round "3"]
[White "Risteski, Emil"]
[Black "Bacus, Dharim"]
[Result "1-0"]
[WhiteTitle "IM"]
[BlackTitle "FM"]
[WhiteElo "2374"]
[BlackElo "2131"]
[WhiteFideId "15005267"]
[BlackFideId "5201527"]
[EventDate "2025.06.10"]

1. g3 Nf6 2. Bg2 g6 3. e4 e5 4. Nc3 Bg7 5. Nge2 O-O 6. O-O c6 7. d4 exd4 8. Nxd4
d5 9. exd5 Nxd5 10. Nxd5 cxd5 11. c3 Nc6 12. Be3 Ne5 13. Nf3 Bg4 14. Bf4 Nxf3+
15. Bxf3 Bxf3 16. Qxf3 Qb6 17. Qxd5 Qxb2 18. Rab1 Qxc3 19. Rxb7 Qd4 20. Rd1 Qf6
21. Qa5 Rfd8 22. Rdd7 Rxd7 23. Rxd7 a6 24. Qd5 Re8 25. Kg2 Qe6 26. Qxe6 fxe6 27.
Ra7 Bd4 28. Rxa6 e5 29. Be3 Rd8 30. Kf3 Kf7 31. Ke4 h5 32. a4 Bc3 33. Ra7+ Kf6
34. a5 Rc8 35. a6 1-0

[Event "Titled Tue 10th Jun Late"]
[Site "chess.com INT"]
[Date "2025.06.10"]
[Round "3"]
[White "Boci, Mateu"]
[Black "Manukian, Artak"]
[Result "1-0"]
[WhiteTitle "FM"]
[WhiteElo "2274"]
[BlackElo "2104"]
[WhiteFideId "4704665"]
[BlackFideId "13301373"]
[EventDate "2025.06.10"]

1. e4 c6 2. d4 d5 3. Nc3 dxe4 4. Nxe4 Nf6 5. Nxf6+ exf6 6. Be3 Bd6 7. Bd3 O-O 8.
Ne2 Qc7 9. c4 c5 10. h3 b6 11. O-O Bb7 12. d5 Nd7 13. Nc3 a6 14. Ne4 Ne5 15. Rc1
Rfe8 16. Bb1 Ng6 17. Nxd6 Qxd6 18. Re1 Re7 19. Qd3 Rae8 20. Bd2 Bc8 21. b3 a5
22. Rxe7 Rxe7 23. Re1 f5 24. Rxe7 Nxe7 25. Qe3 g6 26. Bc3 f6 27. h4 f4 28. Qe2
Kf7 29. h5 Bf5 30. hxg6+ hxg6 31. Be4 Qd7 32. Bf3 g5 33. Bh5+ Bg6 34. Qe4 Qf5
35. Bxg6+ Qxg6 36. Qe6+ Kf8 37. d6 Qb1+ 38. Be1 Nc6 39. d7 Kg7 40. Kh2 Qh7+ 41.
Kg1 Qb1 42. a3 Qd1 43. Kh2 Qh5+ 44. Kg1 Qd1 45. Qxc6 Qxe1+ 46. Kh2 Qxf2 47. Qe6
Qh4+ 48. Kg1 Qg4 49. Qxg4 1-0

[Event "Titled Tue 10th Jun Late"]
[Site "chess.com INT"]
[Date "2025.06.10"]
[Round "3"]
[White "Garzon Zapatanga, Christopher Leonel"]
[Black "Lazaro Azcutia, Miguel"]
[Result "1-0"]
[WhiteTitle "FM"]
[BlackTitle "CM"]
[WhiteElo "2155"]
[BlackElo "2275"]
[WhiteFideId "3634787"]
[BlackFideId "54538254"]
[EventDate "2025.06.10"]

1. b3 g6 2. Bb2 Nf6 3. Nf3 Bg7 4. g3 b5 5. Bg2 Bb7 6. O-O O-O 7. d3 d6 8. Nbd2
c5 9. c4 bxc4 10. Nxc4 Nc6 11. d4 Nd7 12. d5 Na5 13. Bxg7 Kxg7 14. Nfd2 Nxc4 15.
Nxc4 Ba6 16. Qc2 Kg8 17. f4 Rb8 18. Rac1 Bxc4 19. Qxc4 Rb4 20. Qc2 Qb6 21. Kh1
c4 22. bxc4 Rc8 23. Qd3 Rc7 24. Rc2 Rb2 25. Rfc1 Nc5 26. Qd2 Rxc2 27. Qxc2 Rb7
28. e4 Qb2 29. h3 f6 30. e5 Qxc2 31. Rxc2 fxe5 32. fxe5 Rb1+ 33. Kh2 Nd3 34.
exd6 exd6 35. Re2 Kf7 36. h4 Ne5 37. c5 Ke7 38. c6 Kd8 39. Bh3 Nf3+ 40. Kg2 Ne5
41. Rf2 Kc7 42. Rf8 Kb6 43. Rb8+ Kc5 44. Rxb1 1-0

[Event "Titled Tue 10th Jun Late"]
[Site "chess.com INT"]
[Date "2025.06.10"]
[Round "3"]
[White "Thomforde-Toates, Noah"]
[Black "Martinez Alcantara, Jose Eduardo"]
[Result "0-1"]
[BlackTitle "GM"]
[WhiteElo "2128"]
[BlackElo "2611"]
[WhiteFideId "30951992"]
[BlackFideId "3805662"]
[EventDate "2025.06.10"]

1. d4 Nf6 2. Nc3 d5 3. Bf4 c6 4. e3 h6 5. Nf3 Bf5 6. Bd3 Bxd3 7. Qxd3 e6 8. O-O
Bd6 9. Ne5 O-O 10. Bg3 Bxe5 11. dxe5 Nfd7 12. f4 c5 13. f5 Nc6 14. Rad1 Ndxe5
15. Qe2 Qg5 16. e4 d4 17. Nb5 Qg4 18. Qe1 Rad8 19. h3 Qh5 20. Bxe5 Nxe5 21. Qg3
Nc4 22. f6 Qg5 23. Qxg5 hxg5 24. Rf2 a6 25. Na3 Ne5 26. b3 b5 27. Nb1 gxf6 28.
Rxf6 Kg7 29. Rdf1 d3 30. cxd3 Rxd3 31. R6f2 Rfd8 32. Kh2 c4 33. Na3 cxb3 34.
axb3 Rxb3 35. Nc2 a5 36. Ne1 a4 37. Rc2 a3 38. Rc7 Rb1 39. Rc5 f6 40. Rc7+ Rd7
41. Rc8 a2 0-1

[Event "Titled Tue 10th Jun Late"]
[Site "chess.com INT"]
[Date "2025.06.10"]
[Round "3"]
[White "Deveci, Huseyin Said"]
[Black "Tekeyev, Zaur"]
[Result "0-1"]
[WhiteTitle "CM"]
[BlackTitle "IM"]
[WhiteElo "2212"]
[BlackElo "2407"]
[WhiteFideId "26322455"]
[BlackFideId "4199731"]
[EventDate "2025.06.10"]

1. e4 e5 2. Nf3 Nc6 3. Bc4 Bc5 4. c3 d6 5. d4 Bb6 6. h3 Nf6 7. O-O O-O 8. Bg5 h6
9. Bh4 Re8 10. d5 Nb8 11. a4 a6 12. Nbd2 Nbd7 13. Re1 Nf8 14. Nf1 g5 15. Bg3 Ng6
16. Ne3 Nh5 17. Nxe5 Nxg3 18. Nxg6 fxg6 19. fxg3 Rxe4 20. Qd3 Bf5 21. Kh2 Rxe3
22. Qd2 Qe7 23. Bd3 Bxd3 24. Qxd3 Rxd3 25. Rxe7 Re3 26. Rd7 a5 27. Rf1 Rf8 28.
Rxf8+ Kxf8 29. Rh7 h5 30. h4 g4 0-1